Inovácie a konkurencieschopnosť firiem riadenie inovácií na úrovni firmy, SR a EÚ
Krajiny strednej a východnej Európy, ktoré sú novými členskými krajinami Európskej únie, venujú osobitnú pozornosť problematike rozvoja svojich ekonomík. Konkurencieschopnosť firiem a podnikov v SR. Hlavné opatrenia inovačnej stratégie SR na roky 2007 až 2013.
Salvato in:
| Autore principale: | |
|---|---|
| Natura: | Capitolo di libro |
| Lingua: | slovacco |
| Soggetti: | |
| Tags: |
Nessun Tag, puoi essere il primo ad aggiungerne!!
|
MARC
| LEADER | 00000nla$a2200000$$$4500 | ||
|---|---|---|---|
| 001 | 0120139 | ||
| 005 | 20240326124945.3 | ||
| 041 | 0 | |a slo | |
| 044 | |a SK | ||
| 245 | 1 | 0 | |a Inovácie a konkurencieschopnosť firiem riadenie inovácií na úrovni firmy, SR a EÚ |c Tatiana Arbe |
| 520 | |a Krajiny strednej a východnej Európy, ktoré sú novými členskými krajinami Európskej únie, venujú osobitnú pozornosť problematike rozvoja svojich ekonomík. Konkurencieschopnosť firiem a podnikov v SR. Hlavné opatrenia inovačnej stratégie SR na roky 2007 až 2013. | ||
| 610 | 2 | 0 | |a Slovensko |
| 610 | 2 | 0 | |a Európska únia |
| 610 | 2 | 0 | |a stratégia inovačná |
| 610 | 2 | 0 | |a transfer inovácií |
| 610 | 2 | 0 | |a efektívnosť inovácií |
| 610 | 2 | 0 | |a rozvoj sociálno-ekonomický |
| 610 | 2 | 0 | |a spolupráca medzinárodná |
| 610 | 2 | 0 | |a konkurencieschopnosť |
| 100 | 1 | |a Arbe, Tatiana | |